000 00356nam a22001577a 4500
003 SGT
020 _a9788175349841
082 _a347.90954,KWA
100 _aKWATRA,G.K
245 _aARBITRATION MADE EASY A PRACTICAL GUIDE
250 _a3RD
260 _aNEW DELHI
_bUNIVERSAL BOOKS
_c2011
300 _a103
650 _aARBITRATION
942 _2ddc
_cBK
_02
999 _c9712
_d9712